000 00489nam a2200181Ia 4500
005 20250326124933.0
008 250326s9999 xx 000 0 und d
037 _aTextbook
040 _aFMSL
_beng
_cFMSL
041 _aeng
_2eng
084 _aX:8F L1
_qFMSL
100 _aGupta A K Sen
_9738242
245 0 _aManagement accountancy
_cGupta A K Sen
260 _aCalcutta
_bCalcutta, Academic
_c1971
300 _a494p
942 _cTB
_hX:8F L1
999 _c1275840
_d1275840